00923nam a2200193 a 450000100100000000500170001000800410002702000170006804000250008510000330011024500680014326000840021130000200029550000700031595201110038595201050049695201110060199900170071200003968220201002033658.0130716s2012 dr 000 0 spa d a978994549102 aDO-SdBNPbspacBNPHU1 aSantos, Lilian de los96587710aEva de metal :bantología de textos /cLilian de los Santos,. aSantiago de los Caballeros, República Dominicana :bEditora Teófilo,c2012. a81 p. ;c22 cm. aIncluye datos biográficos del autor en la solapa de la cubierta 0010718DSaGRbGRcCTd2013-07-16iLF1l0o p39682-30r2020-06-25te. 3w2020-06-25yLFDSZNo se presta 0010718PDaPDbPDcCTd2013-07-16iLF1l0o p39682-10r2020-06-25w2020-06-25yLFPDZNo se presta 0010718PDaPDbPDcCTd2013-07-16iLF1l0o p39682-20r2020-06-25te. 2w2020-06-25yLFPDZNo se presta c39172d39172